00595cam a2200205 a 45000010008000000030006000080050017000140080041000310100017000720200015000890400018001040500022001220820024001441000022001682450036001902600051002263000021002775040049002986500042003473051829GBCCL20241126110501.0960329s1996 mou b 000 0 eng  a 96014857  a0570042577 aDLCcDLCdDLC00aBS1440b.B73 199600a223.205209220bBRA1 aBrandt, Leslie F.10aPsalms now /cLeslie F. Brandt. aSt. Louis, MO :bConcordia Pub. House,cc1996. a220 p. ;c21 cm. aIncludes bibliographical references (p. 11).002Bible.aPsalmsbParaphrases, English.